Normal view
MARC view
- Carranza y Ruiz Arquitectos
Entry Topical Term
001 - CONTROL NUMBER
- control field: 88753
003 - CONTROL NUMBER IDENTIFIER
- control field: NUST
005 - DATE AND TIME OF LATEST TRANSACTION
- control field: 20220203121352.0
008 - FIXED-LENGTH DATA ELEMENTS
- fixed length control field: 220203|| aca||aabn | a|a d
040 ## - CATALOGING SOURCE
- Original cataloging agency: NUST
- Transcribing agency: NUST
150 ## - HEADING--TOPICAL TERM
- Topical term or geographic name entry element: Carranza y Ruiz Arquitectos
670 ## - SOURCE DATA FOUND
- Source citation: Work cat.: (NUST)587620: Carranza Valles, Alex 88438, Casas 20 Houses: , 2008.
